Reasons for Failure Regarding Start up Entities
Aalýza príčin neúspechu startupov na vzorke 65 spoločností založených v období 2009-2015; zoznam 5 hlavných problémov.
Na minha lista:
| Autor principal: | |
|---|---|
| Formato: | Capítulo de Livro |
| Idioma: | inglês |
| Assuntos: | |
| Tags: |
Sem tags, seja o primeiro a adicionar uma tag!
|
MARC
| LEADER | 00000nla a2200000 4500 | ||
|---|---|---|---|
| 001 | 0242933 | ||
| 005 | 20240502083651.8 | ||
| 041 | 0 | |a eng | |
| 044 | |a MK | ||
| 245 | 1 | 0 | |a Reasons for Failure Regarding Start up Entities |c Richard Bednár |
| 520 | |a Aalýza príčin neúspechu startupov na vzorke 65 spoločností založených v období 2009-2015; zoznam 5 hlavných problémov. | ||
| 610 | 2 | 0 | |a start-up |
| 610 | 2 | 0 | |a podnik |
| 610 | 2 | 0 | |a podnikanie |
| 610 | 2 | 0 | |a podnikatelia |
| 610 | 2 | 0 | |a financovanie podnikov |
| 610 | 2 | 0 | |a financovanie |
| 610 | 2 | 0 | |a investovanie |
| 610 | 2 | 0 | |a tímy pracovné |
| 610 | 2 | 0 | |a testovanie hypotéz |
| 100 | 1 | |a Bednár, Richard, 1985- | |